| 000 | 00528cam a2200217ua 4500 | ||
|---|---|---|---|
| 001 | 10444 | ||
| 005 | 20260515114625.0 | ||
| 008 | 190221n ii |||gr||||Z||||||eng | ||
| 020 | _a9789327277364 | ||
| 040 | _cMAIN | ||
| 041 | _aeng | ||
| 082 | _a336.294 | ||
| 100 |
_aVP Gaur, _eAuthor. |
||
| 245 |
_aDirect tax _cassessment year 2017-18 |
||
| 250 | _a3rd rev. ed. | ||
| 260 |
_aLudhiana: _bKalyani, _c2017. |
||
| 653 | _aPublic finance | ||
| 700 |
_aPuja Gaur, _eAuthor. |
||
| 700 |
_aRajeev Puri, _eAuthor. |
||
| 942 | _cBK | ||
| 999 |
_c9421 _d9421 |
||